| 000 | 00000nam##2200000za#4500 |
| 001 | 9.613142 |
| 003 | CaOODSP |
| 005 | 20200327130306 |
| 007 | ta |
| 008 | 150406|1996||||xxc||||| f|0| 0 eng|d |
| 022 | |a0706-6457 |
| 040 | |aCaOODSP|beng |
| 043 | |an-cn--- |
| 086 | 1 |aFs97-6/2110E |
| 110 | 1 |aCanada. |bDepartment of Fisheries and Oceans. |
| 245 | 10|aAssessment of abundance, biomass and production of the lower trophic levels in the eastern basin of Lake Erie, 1994 / |cby D. M. Graham et al. |
| 260 | |aOttawa - Ontario : |bFisheries and Oceans Canada |c1996. |
| 300 | |a104p. |
| 490 | 1 |aCanadian technical report of fisheries and aquatic sciences|x0706-6457|v2110 |
| 500 | |aPrepared at the Great Lakes Laboratory for Fisheries and Aquatic Sciences Canada Centre for Inland Waters, Burlington, Ontario L7R 4A6 |
| 546 | |aRésumés en français |
| 563 | |aSoftcover |
| 590 | |a96-24|b1996-06-14 |
| 720 | 1 |aGraham, D. M. |
| 776 | 0#|tAssessment of abundance, biomass and production of the lower trophic levels in the eastern basin of Lake Erie, 1994 / |w(CaOODSP)9.574077 |
| 830 | #0|aCanadian technical report of fisheries and aquatic sciences,|x0706-6457|v2110|w(CaOODSP)9.514691 |